000 00634nam 22001933 4500
001 202758
090 _a202758
100 _a20240814d u||y0pory50 ba
200 _aHusserl
_f avec un exposé de sa philosophie par Lothar Kelkel, René Schérer
_esa vie, son ouevre
210 _aParis
_cPUF
_d1964
215 _a144 p.
_cbrochado
_d19 cm
225 _aPhilosophes
_gcolection fondée par Émile Bréhier
606 _aFilosofia
_932
675 _a1
_vFR
_zfra
702 _917636
_aKelkel
_bArion Lothar
_f1927-2015
702 _917637
_aSchérer
_bRené
_f1922-2023
801 _aPT
_bBMMN
_gRPC
830 _cAna Falardo
_fAna Falardo
990 _cLIVROS